000 00455nam a2200181Ia 4500
008 151202s9999||||xx |||||||||||||| ||und||
082 _bPNVM-81479
100 _aFISHER LOUIS.
245 _aTHE LIFE OF MAHATMA GANDHI.
260 _bGRANADA LONDON.
260 _c1982
300 _a671
600 _aFISHER LOUIS.
630 _aTHE LIFE OF MAHATMA GANDHI.
700 _aFISHER LOUIS.
730 _aTHE LIFE OF MAHATMA GANDHI.
942 _cBOOK
999 _c1346087
_d1346084